[Event "Fortaleza Cearense-ch"]
[Site "Fortaleza"]
[Date "2024.01.27"]
[Round "9"]
[White "Aguiar de Sousa, Daniel"]
[Black "Albuquerque, Wellington S Jr"]
[Result "0-1"]
[WhiteElo "2021"]
[BlackElo "2218"]
[PlyCount "76"]
[EventDate "2024.01.13"]
[EventType "tourn"]
[EventRounds "9"]
[EventCountry "BRA"]
[SourceTitle "CB09_2024"]
[SourceDate "2024.02.28"]
[SourceVersion "1"]
[SourceVersionDate "2024.02.28"]
[SourceQuality "1"]

1. e4 d6 2. Nf3 Nf6 3. Nc3 c5 4. g3 g6 5. Bg2 Bg7 6. 0-0 Nc6 7. d3 0-0 8. h3 Rb8 9. a4 a6 10. Be3 Ne8 11. Qd2 Nd4 12. Rab1 Nxf3+ 13. Bxf3 Bxh3 14. Rfe1 h5 15. Nd5 Nf6 16. Nf4 Bg4 17. Bg2 Bd7 18. b4 cxb4 19. Rxb4 b5 20. axb5 axb5 21. d4 Ng4 22. Reb1 Rc8 23. Bf1 Nxe3 24. Qxe3 Rxc2 25. Nxg6 fxg6 26. Qb3+ Rc4 27. Bxc4+ bxc4 28. Qxc4+ e6 29. Rb7 Bc8 30. Rc7 d5 31. exd5 exd5 32. Qc6 Bf5 33. Rb5 Bxd4 34. Rxd5 Bxf2+ 35. Kf1 Bd3+ 36. Rxd3 Qxd3+ 37. Kg2 Qxg3+ 38. Kf1 Bb6+ 0-1

[Event "Fortaleza Cearense-ch"]
[Site "Fortaleza"]
[Date "2024.01.23"]
[Round "7"]
[White "Carmo e Silva, Jammes Willian"]
[Black "Albuquerque, Wellington S Jr"]
[Result "0-1"]
[WhiteElo "1788"]
[BlackElo "2218"]
[PlyCount "56"]
[EventDate "2024.01.13"]
[EventType "tourn"]
[EventRounds "9"]
[EventCountry "BRA"]
[SourceTitle "CB09_2024"]
[SourceDate "2024.02.28"]
[SourceVersion "1"]
[SourceVersionDate "2024.02.28"]
[SourceQuality "1"]

1. e4 e5 2. Nf3 Nc6 3. d4 exd4 4. Nxd4 Nf6 5. Nxc6 bxc6 6. e5 Qe7 7. Qe2 Nd5 8. c4 Nb6 9. g3 g6 10. b3 Bg7 11. Bb2 0-0 12. Bg2 Re8 13. f4 f6 14. Ba3 Qe6 15. 0-0 fxe5 16. f5 gxf5 17. Bh3 d6 18. Bxf5 Qe7 19. Be4 Qg5 20. Bc1 Qg4 21. Qd3 d5 22. cxd5 cxd5 23. Bxd5+ Nxd5 24. Qxd5+ Be6 25. Qd2 e4 26. Bb2 e3 27. Qc2 e2 28. Re1 Bd4+ 0-1

[Event "Fortaleza Cearense-ch"]
[Site "Fortaleza"]
[Date "2024.01.13"]
[Round "1"]
[White "Albuquerque, Wellington S Jr"]
[Black "Silva, Caio Marques"]
[Result "1-0"]
[WhiteElo "2218"]
[BlackElo "1661"]
[PlyCount "45"]
[EventDate "2024.01.13"]
[EventType "tourn"]
[EventRounds "9"]
[EventCountry "BRA"]
[SourceTitle "CB09_2024"]
[SourceDate "2024.02.28"]
[SourceVersion "1"]
[SourceVersionDate "2024.02.28"]
[SourceQuality "1"]

1. Nf3 Nf6 2. c4 g6 3. b3 Bg7 4. Bb2 d6 5. g3 0-0 6. Bg2 c5 7. d4 Ne4 8. Nfd2 Nxd2 9. Qxd2 cxd4 10. Bxd4 Bxd4 11. Qxd4 Nc6 12. Qd2 Qa5 13. Nc3 Qe5 14. Rd1 h5 15. h4 Kg7 16. Nd5 Be6 17. f4 Qf5 18. e4 Qg4 19. Qf2 Bxd5 20. cxd5 Qd7 21. dxc6 bxc6 22. 0-0 a5 23. f5 1-0

[Event "Titled Tuesday intern op 09th Jan Early"]
[Site "Chess.com INT"]
[Date "2024.01.09"]
[Round "10"]
[White "Albuquerque, Wellington S Jr"]
[Black "Bilciu, Claudia"]
[Result "0-1"]
[WhiteElo "2218"]
[BlackElo "2077"]
[PlyCount "88"]
[EventDate "2024.01.09"]
[EventType "swiss (blitz)"]
[EventRounds "11"]
[EventCountry "USA"]
[SourceTitle "CB03_2024"]
[SourceDate "2024.01.17"]
[SourceVersion "1"]
[SourceVersionDate "2024.01.17"]
[SourceQuality "1"]

1. c4 c5 2. g3 Nc6 3. Bg2 e5 4. Nc3 d6 5. e4 g6 6. Nge2 Bg7 7. 0-0 Nge7 8. d3 0-0 9. Rb1 a5 10. a3 f5 11. exf5 Bxf5 12. Ne4 h6 13. Be3 Rb8 14. Qd2 Kh7 15. N2c3 Nd4 16. b4 Bh3 17. Bxd4 Bxg2 18. Kxg2 cxd4 19. Nd5 Nxd5 20. cxd5 axb4 21. Qxb4 Rf7 22. Qxd6 Rd7 23. Qb6 Rxd5 24. Qxd8 Rdxd8 25. Rb6 Bf8 26. Rfb1 Bxa3 27. Rxb7+ Rxb7 28. Rxb7+ Kg8 29. h4 Rf8 30. Rb5 Rf5 31. g4 Rf4 32. f3 Rf8 33. Rxe5 Rb8 34. Rd5 Bb2 35. f4 Bc3 36. Kf3 Rb2 37. Rc5 Be1 38. Rc7 Bxh4 39. f5 gxf5 40. gxf5 Rb3 41. Nc5 Rb5 42. Ke4 Bf6 43. Rc6 Kf7 44. Rc7+ Ke8 0-1

[Event "Titled Tuesday intern op 09th Jan Early"]
[Site "Chess.com INT"]
[Date "2024.01.09"]
[Round "11"]
[White "Albuquerque, Wellington S Jr"]
[Black "Clawitter, Craig"]
[Result "1-0"]
[WhiteElo "2218"]
[BlackElo "2050"]
[PlyCount "85"]
[EventDate "2024.01.09"]
[EventType "swiss (blitz)"]
[EventRounds "11"]
[EventCountry "USA"]
[SourceTitle "CB03_2024"]
[SourceDate "2024.01.17"]
[SourceVersion "1"]
[SourceVersionDate "2024.01.17"]
[SourceQuality "1"]

1. c4 e6 2. g3 Nf6 3. Bg2 d5 4. Nf3 Be7 5. 0-0 0-0 6. b3 d4 7. e3 c5 8. exd4 cxd4 9. Re1 Nc6 10. Ne5 Nxe5 11. Rxe5 Bd6 12. Re1 e5 13. Ba3 Re8 14. d3 Bg4 15. f3 Bf5 16. Qd2 h6 17. Bxd6 Qxd6 18. b4 a5 19. b5 Nd7 20. Bf1 Nc5 21. Qc2 Qg6 22. Rd1 h5 23. Kf2 Qf6 24. Kg2 b6 25. Nd2 h4 26. Ne4 Bxe4 27. fxe4 hxg3 28. hxg3 Re6 29. Qf2 Qg5 30. Qf5 Qxf5 31. exf5 Rf6 32. g4 g6 33. fxg6 Rxg6 34. Be2 f5 35. Rf1 fxg4 36. Rf5 Re8 37. Raf1 e4 38. dxe4 Nxe4 39. Bd3 Rge6 40. R1f4 g3 41. Rg4+ Kh7 42. Bxe4 Rxe4 43. Rh5# 1-0

[Event "Titled Tuesday intern op 09th Jan Early"]
[Site "Chess.com INT"]
[Date "2024.01.09"]
[Round "5"]
[White "Gopal, KN."]
[Black "Albuquerque, Wellington S Jr"]
[Result "1-0"]
[WhiteElo "1910"]
[BlackElo "2218"]
[PlyCount "97"]
[EventDate "2024.01.09"]
[EventType "swiss (blitz)"]
[EventRounds "11"]
[EventCountry "USA"]
[SourceTitle "CB03_2024"]
[SourceDate "2024.01.17"]
[SourceVersion "1"]
[SourceVersionDate "2024.01.17"]
[SourceQuality "1"]

1. e4 c5 2. Nf3 d6 3. d4 cxd4 4. Nxd4 Nf6 5. Nc3 Nc6 6. Be2 e5 7. Nb3 Be7 8. 0-0 0-0 9. f4 exf4 10. Bxf4 Be6 11. Nd4 Ne5 12. Nxe6 fxe6 13. Bxe5 dxe5 14. Kh1 Rc8 15. Bd3 Qb6 16. Rb1 Bb4 17. Qe2 Bxc3 18. bxc3 Qc7 19. c4 b6 20. Rf2 Nd7 21. Rbf1 Nc5 22. h3 Rxf2 23. Qxf2 Qe7 24. Qg3 Qc7 25. Qf3 Qe7 26. Qg3 Qd6 27. Kh2 Rf8 28. Rxf8+ Kxf8 29. Qf3+ Kg8 30. Qg3 g6 31. Qg5 Kg7 32. h4 h6 33. Qg3 Nd7 34. Qf3 Qf8 35. Kg3 Qxf3+ 36. gxf3 Kf6 37. Kg4 Nb8 38. c5 bxc5 39. Bb5 a6 40. Be8 a5 41. Bb5 Ke7 42. f4 Nd7 43. Bxd7 Kxd7 44. fxe5 Kc6 45. c4 Kd7 46. a4 Ke7 47. Kf4 Kf7 48. Kg4 Kg7 49. Kf4 1-0

[Event "Titled Tuesday intern op 25th Apr Early"]
[Site "Chess.com INT"]
[Date "2023.04.25"]
[Round "7"]
[White "Aalto, Patrik"]
[Black "Albuquerque, Wellington S Jr"]
[Result "1-0"]
[WhiteElo "2251"]
[BlackElo "2218"]
[PlyCount "71"]
[EventDate "2023.04.25"]
[EventType "swiss (blitz)"]
[EventRounds "11"]
[EventCountry "USA"]
[SourceTitle "EXT 2024"]
[Source "ChessBase"]
[SourceDate "2023.10.10"]
[SourceVersion "1"]
[SourceVersionDate "2023.10.10"]
[SourceQuality "1"]

1. e4 c5 2. a3 g6 3. Nc3 Bg7 4. Bc4 e6 5. d3 Ne7 6. Ba2 b6 7. h4 h5 8. Bg5 Nbc6 9. Nge2 Bb7 10. 0-0 0-0 11. Qd2 Rc8 12. Bh6 Nd4 13. Bxg7 Kxg7 14. Nxd4 cxd4 15. Ne2 d5 16. Nxd4 dxe4 17. dxe4 e5 18. Nf3 Qxd2 19. Nxd2 Rxc2 20. Nc4 Ba6 21. Rfc1 Rxc1+ 22. Rxc1 Rc8 23. Rc2 f6 24. Rc3 b5 25. Nd6 Rxc3 26. bxc3 Nc8 27. Ne8+ Kf8 28. Nxf6 Ke7 29. Nd5+ Kd6 30. f3 Bb7 31. g4 Bxd5 32. Bxd5 Ne7 33. Bf7 hxg4 34. fxg4 a5 35. h5 gxh5 36. gxh5 1-0

[Event "Titled Tuesday intern op 25th Apr Late"]
[Site "Chess.com INT"]
[Date "2023.04.25"]
[Round "4"]
[White "Albuquerque, Wellington S Jr"]
[Black "Micic, Aleksa"]
[Result "1/2-1/2"]
[WhiteElo "2218"]
[BlackElo "2235"]
[PlyCount "165"]
[EventDate "2023.04.25"]
[EventType "swiss (blitz)"]
[EventRounds "11"]
[EventCountry "USA"]
[SourceTitle "EXT 2024"]
[Source "ChessBase"]
[SourceDate "2023.10.10"]
[SourceVersion "1"]
[SourceVersionDate "2023.10.10"]
[SourceQuality "1"]

1. c4 Nf6 2. g3 g6 3. Bg2 Bg7 4. Nc3 0-0 5. e4 d6 6. d3 c5 7. Nge2 Nc6 8. 0-0 Rb8 9. h3 a6 10. a4 Nd7 11. Be3 Nd4 12. f4 f5 13. Rb1 e5 14. Nd5 b5 15. axb5 axb5 16. b4 Ba6 17. cxb5 Bxb5 18. Nec3 Ba6 19. exf5 Nxf5 20. Bf2 cxb4 21. Nxb4 Bb7 22. Bxb7 Rxb7 23. Qf3 Qc8 24. Rfc1 exf4 25. Ncd5 Nc5 26. Nxf4 Kh8 27. Qd5 Qb8 28. Be1 Bd4+ 29. Kh2 Bg7 30. g4 Ne3 31. Qf3 Rxf4 32. Qxe3 Be5 33. Kh1 Rf1+ 34. Kg2 Qf8 35. Bg3 Rxc1 36. Qxc1 Bxg3 37. Kxg3 Qf7 38. Qf4 Ne6 39. Qxf7 Rxf7 40. Nd5 Kg7 41. Rb8 Nc5 42. d4 Ne4+ 43. Kg2 Nd2 44. Nb4 Nb3 45. Nc6 Nd2 46. Nd8 Re7 47. d5 Re2+ 48. Kg1 Nf3+ 49. Kf1 Rd2 50. Ne6+ Kf6 51. Rf8+ Ke5 52. Rxf3 Rxd5 53. Ng7 h5 54. Ne8 Ke4 55. Rf2 Rd1+ 56. Kg2 Rd3 57. Nf6+ Ke5 58. gxh5 gxh5 59. Nxh5 d5 60. Ng3 d4 61. Nf5 Rc3 62. h4 d3 63. Ne3 Ke4 64. Nd1 Rc2 65. Nb2 d2 66. Nd1 Kd3 67. h5 Rc1 68. Rf3+ Ke2 69. Nf2 Rf1 70. Rf8 d1Q 71. Nxd1 Rxf8 72. Nf2 Rxf2+ 73. Kg3 Rf6 74. Kg4 Ke3 75. Kg5 Re6 76. h6 Ke4 77. h7 Re8 78. Kg6 Ke5 79. Kg7 Re7+ 80. Kg8 Re8+ 81. Kg7 Re7+ 82. Kg8 Re8+ 83. Kg7 1/2-1/2

[Event "Titled Tuesday intern op 25th Apr Late"]
[Site "Chess.com INT"]
[Date "2023.04.25"]
[Round "3"]
[White "Albuquerque, Wellington S Jr"]
[Black "Rengifo Blancas, Renzo Jhonathan"]
[Result "1/2-1/2"]
[WhiteElo "2218"]
[BlackElo "2131"]
[PlyCount "123"]
[EventDate "2023.04.25"]
[EventType "swiss (blitz)"]
[EventRounds "11"]
[EventCountry "USA"]
[SourceTitle "EXT 2024"]
[Source "ChessBase"]
[SourceDate "2023.10.10"]
[SourceVersion "1"]
[SourceVersionDate "2023.10.10"]
[SourceQuality "1"]

1. c4 c6 2. g3 d5 3. Bg2 Nf6 4. Nf3 g6 5. b3 Bg7 6. Bb2 0-0 7. 0-0 Nbd7 8. Na3 Re8 9. Rc1 a6 10. cxd5 cxd5 11. Qc2 Nb8 12. Qc7 Nc6 13. Qxd8 Rxd8 14. Nc2 Bg4 15. h3 Bxf3 16. Bxf3 Rac8 17. d3 e5 18. Rfd1 Bh6 19. e3 Bg7 20. Kf1 h5 21. a3 Na5 22. Na1 Nc6 23. b4 e4 24. dxe4 Nxe4 25. Bxg7 Kxg7 26. Nb3 Ne5 27. Be2 Nc3 28. Rd2 Nxe2 29. Kxe2 Rxc1 30. Nxc1 Nc4 31. Rd3 Nb2 32. Rc3 Nc4 33. Nd3 Rd7 34. Nc5 Re7 35. Rd3 d4 36. Rxd4 Nxa3 37. Rd7 Rxd7 38. Nxd7 Nc2 39. Nc5 Nxb4 40. Nxb7 Nc6 41. Kd3 Kf6 42. Kc4 Ke5 43. f3 Kf5 44. Nc5 Ne5+ 45. Kd5 Nxf3 46. Nxa6 Ng1 47. e4+ Kg5 48. h4+ Kg4 49. Ke5 f5 50. Kf6 fxe4 51. Nb4 Kxg3 52. Kxg6 Kxh4 53. Kf5 e3 54. Kf4 e2 55. Nd3 Nh3+ 56. Kf3 Ng1+ 57. Kf2 Nh3+ 58. Kxe2 Kg3 59. Ne5 Kg2 60. Ng6 Ng5 61. Ke3 h4 62. Nxh4+ 1/2-1/2

[Event "Titled Tuesday intern op 25th Apr Early"]
[Site "Chess.com INT"]
[Date "2023.04.25"]
[Round "11"]
[White "Hartikainen, Jarmo"]
[Black "Albuquerque, Wellington S Jr"]
[Result "0-1"]
[WhiteElo "2108"]
[BlackElo "2218"]
[PlyCount "92"]
[EventDate "2023.04.25"]
[EventType "swiss (blitz)"]
[EventRounds "11"]
[EventCountry "USA"]
[SourceTitle "EXT 2024"]
[Source "ChessBase"]
[SourceDate "2023.10.10"]
[SourceVersion "1"]
[SourceVersionDate "2023.10.10"]
[SourceQuality "1"]

1. e4 c5 2. c3 Nf6 3. e5 Nd5 4. d4 cxd4 5. Nf3 Nc6 6. cxd4 d6 7. Nc3 e6 8. Bd3 Be7 9. Qe2 Nxc3 10. bxc3 b6 11. Bd2 Bb7 12. h4 Rc8 13. h5 h6 14. 0-0 Na5 15. Rfd1 Qc7 16. Bb5+ Bc6 17. Rac1 Bxb5 18. Qxb5+ Qc6 19. Qxc6+ Rxc6 20. exd6 Bxd6 21. Ne5 Bxe5 22. dxe5 Nc4 23. Bf4 Ke7 24. Rd3 Rd8 25. Rcd1 Rxd3 26. Rxd3 Rc5 27. Rg3 Kf8 28. Rd3 Rd5 29. Rxd5 exd5 30. Kf1 Ke7 31. Ke2 Ke6 32. g4 Nxe5 33. f3 b5 34. Bc1 a6 35. Ke3 g6 36. hxg6 fxg6 37. a3 h5 38. gxh5 gxh5 39. f4 Nc6 40. Kf3 Kf5 41. Kg3 d4 42. cxd4 Nxd4 43. Kh4 Ne2 44. Bd2 Nxf4 45. Bxf4 Kxf4 46. Kxh5 a5 0-1

[Event "Titled Tuesday intern op 25th Apr Late"]
[Site "Chess.com INT"]
[Date "2023.04.25"]
[Round "1"]
[White "Rosen, Eric S"]
[Black "Albuquerque, Wellington S Jr"]
[Result "1-0"]
[WhiteElo "2357"]
[BlackElo "2218"]
[PlyCount "125"]
[EventDate "2023.04.25"]
[EventType "swiss (blitz)"]
[EventRounds "11"]
[EventCountry "USA"]
[SourceTitle "EXT 2024"]
[Source "ChessBase"]
[SourceDate "2023.10.10"]
[SourceVersion "1"]
[SourceVersionDate "2023.10.10"]
[SourceQuality "1"]

1. e4 c5 2. Nf3 d6 3. Nc3 Nf6 4. e5 dxe5 5. Nxe5 Nbd7 6. d4 cxd4 7. Qxd4 e6 8. Bb5 a6 9. Bxd7+ Nxd7 10. Bf4 Qb6 11. Qxb6 Nxb6 12. 0-0-0 f6 13. Be3 Nd7 14. Nc4 b5 15. Nd6+ Bxd6 16. Rxd6 Ne5 17. Rhd1 0-0 18. Bc5 Re8 19. b3 Bb7 20. Bd4 Nf7 21. Rd7 Bc6 22. Rc7 Rec8 23. Rxc8+ Rxc8 24. f4 Rd8 25. g3 Nh6 26. h3 Nf5 27. Bf2 Rxd1+ 28. Nxd1 h5 29. Kd2 Kf7 30. Nb2 Bg2 31. h4 Bb7 32. Nd3 Bc8 33. Nc5 Nd6 34. Kc3 e5 35. fxe5 fxe5 36. a4 bxa4 37. bxa4 g6 38. Kb4 Nf5 39. Ka5 e4 40. Nxe4 Ke6 41. Kb6 Kd5 42. Ng5 Nd4 43. Bxd4 Kxd4 44. a5 Kc3 45. Nf7 Kxc2 46. Nd6 Be6 47. Kxa6 Bd5 48. Kb6 Kd3 49. a6 Ke3 50. Nb7 Bf3 51. a7 Kf2 52. a8Q Kxg3 53. Qg8 Be4 54. Nd6 Bd3 55. Qd8 Kg4 56. Qg5+ Kh3 57. Kc5 Be2 58. Kd4 Bg4 59. Ke3 Kg2 60. Qf4 Kh1 61. Qg3 Bd7 62. Kf2 Bc6 63. Qg1# 1-0

[Event "Titled Tuesday intern op 11th Apr Late"]
[Site "Chess.com INT"]
[Date "2023.04.11"]
[Round "10"]
[White "Albuquerque, Wellington S Jr"]
[Black "Davidson, Kevin"]
[Result "0-1"]
[WhiteElo "2218"]
[BlackElo "2154"]
[PlyCount "48"]
[EventDate "2023.04.11"]
[EventType "swiss (blitz)"]
[EventRounds "11"]
[EventCountry "USA"]
[SourceTitle "CBM 213 Extra"]
[Source "ChessBase"]
[SourceDate "2023.05.31"]
[SourceVersion "1"]
[SourceVersionDate "2023.05.31"]
[SourceQuality "1"]

1. c4 Nf6 2. g3 g6 3. Bg2 Bg7 4. Nc3 d6 5. e4 0-0 6. d3 c5 7. Nge2 Nc6 8. 0-0 a6 9. h3 Rb8 10. a4 Ne8 11. Be3 Nc7 12. d4 cxd4 13. Nxd4 Ne6 14. Nde2 Na5 15. b3 Bd7 16. f4 b5 17. axb5 axb5 18. f5 Nc5 19. cxb5 Bxb5 20. Bxc5 Bxe2 21. Nxe2 Bxa1 22. Qxa1 dxc5 23. Kh2 Nxb3 24. Qc3 Qd2 0-1

[Event "Titled Tuesday intern op 11th Apr Early"]
[Site "Chess.com INT"]
[Date "2023.04.11"]
[Round "3"]
[White "Albuquerque, Wellington S Jr"]
[Black "Santos Flores, Alberto Javier"]
[Result "0-1"]
[WhiteElo "2218"]
[BlackElo "2164"]
[PlyCount "112"]
[EventDate "2023.04.11"]
[EventType "swiss (blitz)"]
[EventRounds "11"]
[EventCountry "USA"]
[SourceTitle "CBM 213 Extra"]
[Source "ChessBase"]
[SourceDate "2023.05.31"]
[SourceVersion "1"]
[SourceVersionDate "2023.05.31"]
[SourceQuality "1"]

1. c4 c6 2. Nf3 d5 3. g3 Nf6 4. Bg2 Bg4 5. Ne5 Be6 6. d4 dxc4 7. e4 Nbd7 8. Nxd7 Qxd7 9. Be3 g6 10. Nc3 Bg7 11. d5 cxd5 12. exd5 Bf5 13. 0-0 0-0 14. Re1 Rad8 15. Bxa7 b5 16. Bc5 Rfe8 17. a4 bxa4 18. Rxa4 e6 19. dxe6 Bxe6 20. Qxd7 Nxd7 21. Ba3 Rc8 22. h4 Nc5 23. Bxc5 Rxc5 24. Re2 Rb8 25. Ra8 Rxa8 26. Bxa8 Kf8 27. Bf3 Bf5 28. Rd2 Rc8 29. Bd5 Bd3 30. Kg2 Bh6 31. Rd1 Rb8 32. Be4 Bxe4+ 33. Nxe4 Rxb2 34. Rd8+ Ke7 35. Rc8 Rc2 36. Rc7+ Ke6 37. Ng5+ Bxg5 38. hxg5 c3 39. Kf3 Rc1 40. Kg4 c2 41. f4 Kd6 42. Rc8 Kd5 43. Rc7 Kd4 44. Rd7+ Ke3 45. Re7+ Kf2 46. Rc7 Ke1 47. Re7+ Kd2 48. Rd7+ Ke3 49. Re7+ Kd4 50. Rd7+ Kc5 51. Rc7+ Kd6 52. Rc3 Ke6 53. Rc8 f5+ 54. gxf6 Kxf6 55. Rc3 h5+ 56. Kf3 Rf1+ 0-1

[Event "Titled Tuesday intern op 11th Apr Late"]
[Site "Chess.com INT"]
[Date "2023.04.11"]
[Round "6"]
[White "Albuquerque, Wellington S Jr"]
[Black "Suder, Jakub"]
[Result "1-0"]
[WhiteElo "2218"]
[BlackElo "2236"]
[PlyCount "123"]
[EventDate "2023.04.11"]
[EventType "swiss (blitz)"]
[EventRounds "11"]
[EventCountry "USA"]
[SourceTitle "CBM 213 Extra"]
[Source "ChessBase"]
[SourceDate "2023.05.31"]
[SourceVersion "1"]
[SourceVersionDate "2023.05.31"]
[SourceQuality "1"]

1. c4 e6 2. Nf3 d5 3. g3 Nf6 4. Bg2 Be7 5. b3 0-0 6. 0-0 c5 7. e3 Nc6 8. Bb2 d4 9. exd4 cxd4 10. Re1 Bc5 11. Na3 Re8 12. Ne5 Nxe5 13. Rxe5 Qd6 14. Rxc5 Qxc5 15. Nb5 e5 16. Ba3 Qb6 17. Nd6 Rd8 18. c5 Qa5 19. Qc1 Rb8 20. b4 Qa4 21. Bf1 a6 22. Bc4 Be6 23. Bxe6 fxe6 24. Nc4 e4 25. Qb2 Qb5 26. Nd6 Qe2 27. Qxd4 Rd7 28. Bb2 h5 29. Qe3 Qg4 30. Bxf6 gxf6 31. Nxe4 Rf8 32. f3 Qg6 33. d4 f5 34. Ng5 Re8 35. f4 Qf6 36. Nf3 Red8 37. Re1 Re7 38. Kf2 Rd5 39. a3 Rd8 40. h4 Rd5 41. Re2 Rd8 42. Ne5 Rd5 43. Rd2 Re8 44. Qf3 Red8 45. Qxh5 Rxd4 46. Rxd4 Rxd4 47. Qe8+ Kg7 48. Qc8 Qe7 49. c6 bxc6 50. Qxc6 Rd6 51. Qc3 Kh7 52. Nf3 Rd5 53. Ng5+ Kg8 54. Qc8+ Rd8 55. Qc3 Qd7 56. Qe3 Re8 57. h5 Qd5 58. h6 Rc8 59. h7+ Kg7 60. Qxe6 Rc2+ 61. Ke3 Qb3+ 62. Qxb3 1-0

[Event "Titled Tuesday intern op 11th Apr Early"]
[Site "Chess.com INT"]
[Date "2023.04.11"]
[Round "7"]
[White "Mazurkiewicz, Michal"]
[Black "Albuquerque, Wellington S Jr"]
[Result "1-0"]
[WhiteElo "2145"]
[BlackElo "2218"]
[PlyCount "59"]
[EventDate "2023.04.11"]
[EventType "swiss (blitz)"]
[EventRounds "11"]
[EventCountry "USA"]
[SourceTitle "CBM 213 Extra"]
[Source "ChessBase"]
[SourceDate "2023.05.31"]
[SourceVersion "1"]
[SourceVersionDate "2023.05.31"]
[SourceQuality "1"]

1. e4 c5 2. Nf3 d6 3. g3 Nc6 4. Bg2 g6 5. 0-0 Bg7 6. d3 e5 7. Nc3 Nge7 8. Nd2 0-0 9. Nc4 Be6 10. Nd5 h6 11. a4 f5 12. f4 Bxd5 13. exd5 Nb4 14. fxe5 dxe5 15. d6 Nec6 16. c3 Na6 17. Qb3 Kh7 18. Qxb7 Na5 19. Qxa6 Nxc4 20. Bxa8 Nxd6 21. Bg2 Rf6 22. Qxa7 c4 23. dxc4 Nxc4 24. Qc5 Nd6 25. a5 Bf8 26. Qxe5 Nf7 27. Qb5 Qc8 28. Be3 Re6 29. Bf2 Re2 30. Qxe2 1-0

[Event "Titled Tuesday intern op 11th Apr Early"]
[Site "Chess.com INT"]
[Date "2023.04.11"]
[Round "1"]
[White "Wadsworth, Matthew J"]
[Black "Albuquerque, Wellington S Jr"]
[Result "1-0"]
[WhiteElo "2423"]
[BlackElo "2218"]
[PlyCount "69"]
[EventDate "2023.04.11"]
[EventType "swiss (blitz)"]
[EventRounds "11"]
[EventCountry "USA"]
[SourceTitle "CBM 213 Extra"]
[Source "ChessBase"]
[SourceDate "2023.05.31"]
[SourceVersion "1"]
[SourceVersionDate "2023.05.31"]
[SourceQuality "1"]

1. Nf3 c5 2. c4 Nf6 3. Nc3 g6 4. g3 Bg7 5. Bg2 0-0 6. 0-0 d6 7. d4 cxd4 8. Nxd4 Nc6 9. Nxc6 bxc6 10. Bxc6 Rb8 11. Bg2 Qa5 12. Qd2 Bb7 13. Nd5 Qxd2 14. Nxe7+ Kh8 15. Bxd2 Bxg2 16. Kxg2 Rxb2 17. Be3 Rxe2 18. Rfe1 Rxe1 19. Rxe1 Ng4 20. Nd5 Nxe3+ 21. Rxe3 Rc8 22. Re7 Kg8 23. Rxa7 Rxc4 24. Ra8+ Bf8 25. a4 Kg7 26. a5 Rd4 27. Nb6 d5 28. a6 Bc5 29. a7 Bxb6 30. Rg8+ Kxg8 31. a8Q+ Kg7 32. Qc6 Rb4 33. Qxd5 Bd4 34. h4 h5 35. Qd6 1-0

[Event "Titled Tuesday intern op 21st Mar Late"]
[Site "Chess.com INT"]
[Date "2023.03.21"]
[Round "2"]
[White "Astafurov, Arseniy"]
[Black "Albuquerque, Wellington S Jr"]
[Result "1-0"]
[WhiteElo "2263"]
[BlackElo "2218"]
[PlyCount "121"]
[EventDate "2023.03.21"]
[EventType "swiss (blitz)"]
[EventRounds "11"]
[EventCountry "USA"]
[SourceTitle "EXT 2024"]
[Source "ChessBase"]
[SourceDate "2023.10.10"]
[SourceVersion "1"]
[SourceVersionDate "2023.10.10"]
[SourceQuality "1"]

1. c4 Nf6 2. Nc3 c5 3. Nf3 g6 4. e3 Bg7 5. d4 cxd4 6. exd4 d5 7. Qb3 dxc4 8. Bxc4 0-0 9. Ne5 e6 10. Be3 Nbd7 11. Nxf7 Rxf7 12. Bxe6 Qe7 13. 0-0 Nb6 14. Bxf7+ Qxf7 15. d5 Nbxd5 16. Rad1 Nxe3 17. Rd8+ Bf8 18. fxe3 Qxb3 19. axb3 Nd7 20. Nd5 Kg7 21. b4 Bd6 22. Rc1 Nb6 23. Rxd6 Nxd5 24. Rxd5 Bf5 25. Rc7+ Kh6 26. Re5 Rd8 27. Rxb7 Rd1+ 28. Kf2 Rd2+ 29. Kg3 Rxb2 30. Ree7 Kg5 31. h4+ Kf6 32. e4 Bc8 33. Kf4 Rf2+ 34. Ke3 Rxg2 35. Rf7+ Ke6 36. Rbe7+ Kd6 37. e5+ Kd5 38. Rc7 Bf5 39. Rxh7 Kxe5 40. Rxa7 Rg3+ 41. Kf2 Rb3 42. Rab7 Kf4 43. Ke2 Rb2+ 44. Kd1 Kg4 45. b5 Be4 46. Rb8 Bf3+ 47. Kc1 Rb4 48. b6 Kf4 49. b7 Kg4 50. Kc2 Rb6 51. Kc3 Kg3 52. Kc4 Rb1 53. Kc5 Rc1+ 54. Kd4 Rd1+ 55. Ke5 Rb1 56. Rg7 Rb5+ 57. Kd4 Rb6 58. Kc5 Rb1 59. Rbg8 Kxh4 60. b8Q Rc1+ 61. Kd4 1-0

[Event "Fortaleza Cearense-ch"]
[Site "Fortaleza"]
[Date "2023.01.21"]
[Round "9"]
[White "Lima, Edson Henrique"]
[Black "Albuquerque, Wellington S Jr"]
[Result "0-1"]
[WhiteElo "1678"]
[BlackElo "2209"]
[PlyCount "92"]
[EventDate "2023.01.07"]
[EventType "tourn"]
[EventRounds "9"]
[EventCountry "BRA"]
[SourceTitle "CBM 212 Extra"]
[Source "ChessBase"]
[SourceDate "2023.03.31"]
[SourceVersion "1"]
[SourceVersionDate "2023.03.31"]
[SourceQuality "1"]

1. c4 Nf6 2. d4 e6 3. Nf3 Bb4+ 4. Bd2 Qe7 5. g3 b6 6. Bg2 Bb7 7. 0-0 Bxd2 8. Qxd2 d6 9. Nc3 0-0 10. Rfd1 Ne4 11. Nxe4 Bxe4 12. Rac1 Nd7 13. Ng5 Bxg2 14. Kxg2 e5 15. dxe5 Nxe5 16. Nf3 Nxf3 17. exf3 Rfe8 18. Re1 Qd7 19. Rxe8+ Rxe8 20. Rc3 c6 21. Rd3 Rd8 22. b4 Kf8 23. a4 a6 24. a5 bxa5 25. bxa5 d5 26. Qb4+ Qd6 27. Qb6 d4 28. Qxa6 Qc5 29. Qb6 Qxb6 30. axb6 c5 31. b7 Rb8 32. Rb3 Ke7 33. f4 Kd6 34. Kf3 Kc6 35. Rb2 Rxb7 36. Rc2 f5 37. Ke2 Rb3 38. Kd2 Ra3 39. Ke1 Kd6 40. Kd2 Ke6 41. h3 Kf6 42. Ke1 g5 43. fxg5+ Kxg5 44. Kf1 f4 45. Re2 f3 46. Re1 Rc3 0-1

[Event "Fortaleza Cearense-ch"]
[Site "Fortaleza"]
[Date "2023.01.14"]
[Round "5"]
[White "Freitas, Marcos Antonio da C"]
[Black "Albuquerque, Wellington S Jr"]
[Result "0-1"]
[WhiteElo "1875"]
[BlackElo "2209"]
[PlyCount "62"]
[EventDate "2023.01.07"]
[EventType "tourn"]
[EventRounds "9"]
[EventCountry "BRA"]
[SourceTitle "CBM 212 Extra"]
[Source "ChessBase"]
[SourceDate "2023.03.31"]
[SourceVersion "1"]
[SourceVersionDate "2023.03.31"]
[SourceQuality "1"]

1. e4 c5 2. Nf3 Nc6 3. d4 cxd4 4. Nxd4 e5 5. Nb5 d6 6. N1c3 a6 7. Na3 Be7 8. Nc4 Be6 9. Nd5 Bxd5 10. exd5 Nb8 11. Bd3 Nf6 12. Ne3 Nbd7 13. 0-0 0-0 14. Qf3 e4 15. Bxe4 Ne5 16. Qf4 Nh5 17. Bxh7+ Kxh7 18. Qe4+ Kg8 19. f4 Ng6 20. g4 Nf6 21. Qf3 Re8 22. g5 Nh7 23. Qh5 Qb6 24. Rf3 Qd4 25. Rh3 Ngf8 26. Kf1 Bd8 27. c3 Qe4 28. Rh4 Bb6 29. Rh3 Qh1+ 30. Kf2 Bxe3+ 31. Bxe3 Qxa1 0-1